书目信息 |
| 书名: | We who are dark | |
| 作者: | Tommie Shelby | |
| 分册号: | ||
| 分册名: | 出版地: | Cambridge, Mass. : |
|
| 出版社: | Belknap Press of Harvard University Press | |
| 出版时间: | 2005. | |
| 页数: | xiv, 320 p. ; | |
| 开本: | 22 cm. | |
| 丛书名: | ||
| 中图分类号: | ||
| 科图分类号: | ||
| 其他分类号: | D771.262 | |
| 主题词: | ||
| 电子资源: | ||
| 000 | 01649nam 2200385 a 4500 | |
| 001 | E0756561114 | |
| 004 | 001225950 | |
| 005 | 20070709154448.31 | |
| 008 | 001 0 eng | |
| 008 | 4001uueng0000000 | |
| 010 | @a2005045329 | |
| 020 | @a0674019369 (alk. paper). | |
| 040 | @aDLC @cDLC @dCcBjTSG | |
| 043 | @an-us--- | |
| 050 | 00 | @aE185.615 @b.S475 2005 |
| 082 | 00 | @a305.896/073 @222 |
| 090 | @aD771.262 @bS544 | |
| 090 | @aD771.262 | |
| 096 | @aD771.262 | |
| 099 | @dD771.262@ex163 | |
| 100 | 1 | @aShelby, Tommie, @d1967- |
| 245 | 10 | @aWe who are dark :@bthe philosophical foundations of Black solidarity / @cTommie Shelby |
| 260 | @aCambridge, Mass. :@bBelknap Press of Harvard University Press,@c2005. | |
| 300 | @axiv, 320 p. ;@c22 cm. | |
| 504 | @aIncludes bibliographical references and index. | |
| 505 | 0 | @aTwo conceptions of Black nationalism -- Class, poverty, and shame -- Black power nationalism -- Black solidarity after Black power -- Race, culture, and politics -- Social identity and group solidarity. |
| 650 | 0 | @aAfrican Americans @xPolitics and government. |
| 650 | 0 | @aAfrican Americans @xSocial conditions @y1975- |
| 650 | 0 | @aRacism @xPolitical aspects @zUnited States. |
| 650 | 0 | @aBlack nationalism @zUnited States. |
| 650 | 0 | @aAfrican Americans @xRace identity. |
| 650 | 0 | @aEthnicity @xPolitical aspects @zUnited States. |
| 650 | 0 | @aBlack power @zUnited States. |
| 651 | 0 | @aUnited States @xRace relations @xPolitical aspects. @b01 @c20050927 @lNLC09 @h1804 @b40 @c20060213 @lNLC09 @h1429 @b40 @c20060302 @lNLC09 @h1100 |
| 852 | 91 | @bWWDY @k2-2006 @hD771.262 @iS544 |
| We who are dark : : the philosophical foundations of Black solidarity / / Tommie Shelby.-Cambridge, Mass. : : Belknap Press of Harvard University Press, , 2005. |
| xiv, 320 p. ; ; 22 cm. |
| Includes bibliographical references and index.-Two conceptions of Black nationalism -- Class, poverty, and shame -- Black power nationalism -- Black solidarity after Black power -- Race, culture, and politics -- Social identity and group solidarity. |
| ISBN 0674019369 (alk. paper). |
| ● |
| 相关链接 |
|
|
|
|
正题名:We who are dark
索取号:D771.262/x163
 
预约/预借
| 序号 | 登录号 | 条形码 | 馆藏地/架位号 | 状态 | 备注 |
| 1 | 0011705 | 300117059 | 第二样本阅览室/ [索取号:D771.262/x163] | 在馆 |